| 000 | 01069nam a2200265Ia 4500 | ||
|---|---|---|---|
| 001 | Z_6769 | ||
| 008 | 220601s9999 xx 000 0 und d | ||
| 020 | _a978-9962-661-05-4 | ||
| 082 | _aC 639.543843072 M36 | ||
| 245 | _aManual de buenas prácticas de manejo para el cultivo del camarón blanco Penaeus vannamei / Jorge Cuéllar Anjel...[et el.] | ||
| 260 | _aPanamá : Organismo Internacional Regional de Sanidad Agropecuaria (OIRSA) ; Organización del Sector Pesquero y Acuícola del Itsmo Centroamericano (OSPESCA). Sistema de la Integración Centroamericana (SICA) | ||
| 300 | _a132 p. | ||
| 503 | _aej.1: donación | ||
| 504 | _aBibliografía: p. 91 - 92 | ||
| 650 | _a1. Camarones | ||
| 650 |
_aLitopenaeus vannamei _9145881 |
||
| 650 | _aCultivo de camarones -- Manuales | ||
| 650 | _aBuenas prácticas de acuicultura -- Manuales | ||
| 700 |
_aCuéllar Anjel, Jorge, aut.Ì _9184322 |
||
| 901 | _aC 639.543843072 M36 | ||
| 902 | _aM | ||
| 905 | _a523227 2010 pn bdn 8222223322spa16 | ||
| 942 | _c1 | ||
| 999 |
_c217175 _d217175 |
||